[Event "DVM U20 2023"]
[Site "Magdeburg GER"]
[Date "2023.12.30"]
[Round "7"]
[White "Buchinger, Alexis"]
[Black "Jäger, Matti"]
[Result "1-0"]
[Termination "normal"]
[Board "4.4"]
[WhiteElo "1823"]
[BlackElo "1914"]
[WhiteClock "00:10:01"]
[BlackClock "00:12:41"]
[WhiteTeam "SF Neuberg"]
[BlackTeam "SV Königsjäger Süd-West"]
[PlyCount "93"]
[WhiteFideId "16287134"]
[BlackFideId "34631542"]
[EventCountry "GER"]
[EventRounds "7"]
[EventType "team-swiss"]
[EventDate "2023.12.26"]

1. e4 {[%clk 01:30:52]} {[%emt 00:00:09]} c6 {[%clk 01:30:46]} {[%emt
00:00:13]} 2. Nf3 {[%clk 01:31:00]} {[%emt 00:00:22]} d5 {[%clk 01:31:10]}
{[%emt 00:00:06]} 3. Nc3 {[%clk 01:31:26]} {[%emt 00:00:04]} Bg4 {[%clk
01:31:05]} {[%emt 00:00:35]} 4. h3 {[%clk 01:31:34]} {[%emt 00:00:22]} Bxf3
{[%clk 01:31:25]} {[%emt 00:00:10]} 5. Qxf3 {[%clk 01:31:59]} {[%emt 00:00:06]}
e6 {[%clk 01:31:37]} {[%emt 00:00:18]} 6. Be2 {[%clk 01:31:40]} {[%emt
00:00:48]} Nd7 {[%clk 01:30:40]} {[%emt 00:01:27]} 7. d3 {[%clk 01:31:34]}
{[%emt 00:00:37]} Ngf6 {[%clk 01:29:50]} {[%emt 00:01:19]} 8. O-O {[%clk
01:30:59]} {[%emt 00:01:05]} Be7 {[%clk 01:27:48]} {[%emt 00:02:31]} 9. Qg3
{[%clk 01:27:07]} {[%emt 00:04:21]} d4 {[%clk 01:20:41]} {[%emt 00:07:38]} 10.
Nb1 {[%clk 01:24:44]} {[%emt 00:02:54]} g6 {[%clk 01:14:49]} {[%emt 00:06:23]}
11. Bh6 {[%clk 01:14:34]} {[%emt 00:10:38]} Qa5 {[%clk 01:01:37]} {[%emt
00:13:42]} 12. f4 {[%clk 01:08:59]} {[%emt 00:06:06]} Bf8 {[%clk 00:58:41]}
{[%emt 00:03:26]} 13. Bxf8 {[%clk 01:03:33]} {[%emt 00:05:56]} Rxf8 {[%clk
00:55:48]} {[%emt 00:03:22]} 14. Na3 {[%clk 00:58:39]} {[%emt 00:05:24]} O-O-O
{[%clk 00:51:04]} {[%emt 00:05:15]} 15. Nc4 {[%clk 00:46:20]} {[%emt 00:12:49]}
Qc7 {[%clk 00:49:39]} {[%emt 00:01:54]} 16. Qh4 {[%clk 00:39:17]} {[%emt
00:07:33]} b5 {[%clk 00:31:39]} {[%emt 00:18:30]} 17. Nd2 {[%clk 00:37:04]}
{[%emt 00:02:40]} h5 {[%clk 00:29:23]} {[%emt 00:02:49]} 18. a4 {[%clk
00:33:38]} {[%emt 00:03:54]} b4 {[%clk 00:23:25]} {[%emt 00:06:29]} 19. Nc4
{[%clk 00:28:20]} {[%emt 00:05:48]} Ng8 {[%clk 00:22:51]} {[%emt 00:01:05]} 20.
a5 {[%clk 00:25:27]} {[%emt 00:03:22]} c5 {[%clk 00:20:52]} {[%emt 00:02:29]}
21. Qg5 {[%clk 00:19:15]} {[%emt 00:06:40]} Nb8 {[%clk 00:18:42]} {[%emt
00:02:42]} 22. f5 {[%clk 00:14:55]} {[%emt 00:04:50]} exf5 {[%clk 00:18:37]}
{[%emt 00:00:34]} 23. exf5 {[%clk 00:14:30]} {[%emt 00:00:57]} Ne7 {[%clk
00:17:59]} {[%emt 00:01:08]} 24. f6 {[%clk 00:11:51]} {[%emt 00:03:08]} Nf5
{[%clk 00:14:42]} {[%emt 00:03:46]} 25. Bxh5 {[%clk 00:09:50]} {[%emt
00:02:31]} Rde8 {[%clk 00:10:22]} {[%emt 00:04:51]} 26. Bg4 {[%clk 00:07:50]}
{[%emt 00:02:28]} Nd7 {[%clk 00:10:33]} {[%emt 00:00:20]} 27. Qf4 {[%clk
00:04:49]} {[%emt 00:03:31]} Re6 {[%clk 00:08:11]} {[%emt 00:02:52]} 28. Qxc7+
Kxc7 {[%clk 00:08:40]} 29. Bxf5 {[%clk 00:04:31]} {[%emt 00:00:15]} gxf5 {[%clk
00:09:09]} {[%emt 00:00:01]} 30. Rxf5 {[%clk 00:04:35]} {[%emt 00:00:26]} Rxf6
{[%clk 00:07:45]} {[%emt 00:01:53]} 31. Rxf6 {[%clk 00:04:36]} {[%emt
00:00:29]} Nxf6 {[%clk 00:08:13]} {[%emt 00:00:02]} 32. Re1 {[%clk 00:03:11]}
{[%emt 00:01:54]} Nd7 {[%clk 00:05:44]} {[%emt 00:02:59]} 33. g4 {[%clk
00:02:37]} {[%emt 00:01:03]} Rg8 {[%clk 00:05:27]} {[%emt 00:00:49]} 34. Rf1
{[%clk 00:01:15]} {[%emt 00:01:50]} f6 {[%clk 00:04:56]} {[%emt 00:01:03]} 35.
Kf2 {[%clk 00:00:52]} {[%emt 00:00:53]} Kc6 {[%clk 00:03:35]} {[%emt 00:01:51]}
36. Re1 {[%clk 00:00:45]} {[%emt 00:00:37]} f5 {[%clk 00:02:39]} {[%emt
00:01:26]} 37. Re6+ {[%clk 00:00:41]} {[%emt 00:00:34]} Kc7 {[%clk 00:03:02]}
{[%emt 00:00:08]} 38. gxf5 {[%clk 00:00:47]} {[%emt 00:00:23]} Rg5 {[%clk
00:01:05]} {[%emt 00:02:26]} 39. Nd6 {[%clk 00:00:45]} {[%emt 00:00:33]} Rh5
{[%clk 00:01:14]} {[%emt 00:00:21]} 40. Kg3 {[%clk 00:00:38]} {[%emt 00:00:36]}
Rg5+ {[%clk 00:00:37]} {[%emt 00:01:08]} 41. Kf3 {[%clk 00:29:11]} {[%emt
00:01:54]} Rg1 {[%clk 00:25:51]} {[%emt 00:05:17]} 42. Kf2 {[%clk 00:20:55]}
{[%emt 00:08:47]} Rh1 {[%clk 00:20:47]} {[%emt 00:05:34]} 43. Kg2 {[%clk
00:20:01]} {[%emt 00:01:24]} Rc1 {[%clk 00:21:11]} {[%emt 00:00:07]} 44. Nb5+
{[%clk 00:19:57]} {[%emt 00:00:32]} Kd8 {[%clk 00:19:33]} {[%emt 00:02:10]} 45.
Re2 {[%clk 00:18:21]} {[%emt 00:02:06]} Nf6 {[%clk 00:17:49]} {[%emt 00:02:15]}
46. Nd6 {[%clk 00:14:08]} {[%emt 00:04:40]} Nd5 {[%clk 00:12:41]} {[%emt
00:05:40]} 47. Kf3 {[%clk 00:10:01]} {[%emt 00:04:39]} *

[Event "DVM U20 2023"]
[Site "Magdeburg GER"]
[Date "2023.12.30"]
[Round "7"]
[White "Böhmer, Kimon"]
[Black "Kolzenburg, Jan Niklas"]
[Result "1-0"]
[Termination "normal"]
[Board "4.5"]
[WhiteElo "1784"]
[BlackElo "1621"]
[WhiteClock "00:03:39"]
[BlackClock "00:00:44"]
[WhiteTeam "SV Königsjäger Süd-West"]
[BlackTeam "SF Neuberg"]
[PlyCount "75"]
[WhiteFideId "16281365"]
[BlackFideId "16274830"]
[EventCountry "GER"]
[EventRounds "7"]
[EventType "team-swiss"]
[EventDate "2023.12.26"]

1. d4 {[%clk 01:30:54]} {[%emt 00:00:05]} Nf6 {[%clk 01:30:43]} {[%emt
00:00:18]} 2. c4 {[%clk 01:31:16]} {[%emt 00:00:08]} e6 {[%clk 01:30:53]}
{[%emt 00:00:20]} 3. g3 {[%clk 01:31:23]} {[%emt 00:00:24]} d5 {[%clk
01:23:01]} {[%emt 00:08:23]} 4. Nf3 {[%clk 01:31:44]} {[%emt 00:00:08]} b6
{[%clk 01:12:56]} {[%emt 00:10:34]} 5. Bg2 {[%clk 01:29:35]} {[%emt 00:02:39]}
Bb7 {[%clk 01:12:37]} {[%emt 00:00:49]} 6. Ne5 {[%clk 01:26:58]} {[%emt
00:03:07]} Bb4+ {[%clk 01:00:14]} {[%emt 00:12:54]} 7. Bd2 {[%clk 01:23:48]}
{[%emt 00:03:39]} Bxd2+ {[%clk 00:59:52]} {[%emt 00:00:53]} 8. Nxd2 {[%clk
01:24:02]} {[%emt 00:00:14]} O-O {[%clk 00:58:34]} {[%emt 00:01:49]} 9. O-O
{[%clk 01:23:09]} {[%emt 00:01:23]} Nc6 {[%clk 00:51:54]} {[%emt 00:07:10]} 10.
Nxc6 {[%clk 01:20:53]} {[%emt 00:02:46]} Bxc6 {[%clk 00:52:15]} {[%emt
00:00:10]} 11. Rc1 {[%clk 01:21:12]} {[%emt 00:00:10]} Qd7 {[%clk 00:42:30]}
{[%emt 00:10:15]} 12. Qc2 {[%clk 01:17:15]} {[%emt 00:04:28]} dxc4 {[%clk
00:35:18]} {[%emt 00:07:44]} 13. Bxc6 {[%clk 01:15:59]} {[%emt 00:01:46]} Qxc6
{[%clk 00:35:42]} {[%emt 00:00:05]} 14. Qxc4 {[%clk 01:16:23]} {[%emt
00:00:05]} Qd7 {[%clk 00:29:19]} {[%emt 00:06:54]} 15. Nf3 {[%clk 01:12:05]}
{[%emt 00:04:47]} Rac8 {[%clk 00:21:56]} {[%emt 00:07:54]} 16. Ne5 {[%clk
01:04:54]} {[%emt 00:07:41]} Qd6 {[%clk 00:17:55]} {[%emt 00:04:32]} 17. b4
{[%clk 00:49:56]} {[%emt 00:15:27]} c5 {[%clk 00:07:34]} {[%emt 00:10:51]} 18.
Nf3 {[%clk 00:43:06]} {[%emt 00:07:19]} Rc7 {[%clk 00:07:42]} {[%emt 00:00:23]}
19. dxc5 {[%clk 00:30:14]} {[%emt 00:13:23]} bxc5 {[%clk 00:07:53]} {[%emt
00:00:19]} 20. Rfd1 {[%clk 00:26:12]} {[%emt 00:04:30]} Qe7 {[%clk 00:08:11]}
{[%emt 00:00:13]} 21. Ne5 {[%clk 00:21:47]} {[%emt 00:04:55]} Rfc8 {[%clk
00:07:46]} {[%emt 00:00:56]} 22. b5 {[%clk 00:19:57]} {[%emt 00:02:20]} Nd5
{[%clk 00:04:53]} {[%emt 00:03:22]} 23. Nc6 {[%clk 00:14:29]} {[%emt 00:05:59]}
Qe8 {[%clk 00:05:18]} {[%emt 00:00:05]} 24. Qxc5 {[%clk 00:13:57]} {[%emt
00:01:01]} Kh8 {[%clk 00:02:14]} {[%emt 00:03:34]} 25. e4 {[%clk 00:11:46]}
{[%emt 00:02:41]} Ne7 {[%clk 00:00:54]} {[%emt 00:01:50]} 26. Rd6 {[%clk
00:11:56]} {[%emt 00:00:20]} a6 {[%clk 00:01:03]} {[%emt 00:00:22]} 27. a4
{[%clk 00:11:45]} {[%emt 00:00:41]} axb5 {[%emt 00:00:04]} 28. axb5 {[%clk
00:12:09]} {[%emt 00:00:05]} h6 {[%clk 00:01:55]} {[%emt 00:00:05]} 29. Qb6
{[%clk 00:11:10]} {[%emt 00:01:28]} Rd7 {[%clk 00:00:50]} {[%emt 00:01:35]} 30.
Rcd1 {[%clk 00:10:25]} {[%emt 00:01:15]} Rxd6 {[%clk 00:00:58]} {[%emt
00:00:23]} 31. Rxd6 {[%clk 00:10:47]} {[%emt 00:00:06]} Nxc6 {[%clk 00:01:04]}
{[%emt 00:00:25]} 32. bxc6 {[%clk 00:09:15]} {[%emt 00:02:02]} Qe7 {[%clk
00:00:39]} {[%emt 00:00:57]} 33. Rd7 {[%clk 00:07:05]} {[%emt 00:02:39]} Qe8
{[%clk 00:00:40]} {[%emt 00:00:30]} 34. Qb7 {[%clk 00:06:17]} {[%emt 00:01:17]}
Kg8 {[%clk 00:01:05]} {[%emt 00:00:07]} 35. Rxf7 {[%clk 00:03:34]} {[%emt
00:03:11]} Rxc6 {[%clk 00:01:25]} {[%emt 00:00:11]} 36. Rxg7+ {[%clk 00:03:11]}
{[%emt 00:00:52]} Kf8 {[%clk 00:01:50]} {[%emt 00:00:06]} 37. Rh7 {[%clk
00:03:14]} {[%emt 00:00:26]} Rc1+ {[%clk 00:00:44]} {[%emt 00:01:37]} 38. Kg2
{[%clk 00:03:39]} {[%emt 00:00:05]} 1-0

[Event "DVM U20 2023"]
[Site "Magdeburg GER"]
[Date "2023.12.30"]
[Round "7"]
[White "Pomrehn, Ole Magnus"]
[Black "Liu, Jonas"]
[Result "1/2-1/2"]
[Termination "normal"]
[Board "4.6"]
[WhiteElo "1561"]
[BlackElo "1761"]
[WhiteClock "00:09:18"]
[BlackClock "00:14:10"]
[WhiteTeam "SF Neuberg"]
[BlackTeam "SV Königsjäger Süd-West"]
[PlyCount "91"]
[WhiteFideId "16232704"]
[BlackFideId "34633960"]
[EventCountry "GER"]
[EventRounds "7"]
[EventType "team-swiss"]
[EventDate "2023.12.26"]

1. e4 {[%clk 01:30:57]} {[%emt 00:00:01]} c6 {[%clk 01:30:21]} {[%emt
00:00:39]} 2. d4 {[%clk 01:31:19]} {[%emt 00:00:07]} d5 {[%clk 01:30:49]}
{[%emt 00:00:02]} 3. exd5 {[%clk 01:31:44]} {[%emt 00:00:06]} cxd5 {[%clk
01:31:15]} {[%emt 00:00:04]} 4. Bd3 {[%clk 01:32:05]} {[%emt 00:00:08]} Nc6
{[%clk 01:31:36]} {[%emt 00:00:10]} 5. c3 {[%clk 01:32:30]} {[%emt 00:00:04]}
Qc7 {[%clk 01:31:16]} {[%emt 00:00:51]} 6. h3 {[%clk 01:32:42]} {[%emt
00:00:19]} g6 {[%clk 01:31:00]} {[%emt 00:00:45]} 7. Nf3 {[%clk 01:33:02]}
{[%emt 00:00:11]} Bf5 {[%clk 01:30:47]} {[%emt 00:00:43]} 8. Be3 {[%clk
01:31:47]} {[%emt 00:01:44]} Nf6 {[%clk 01:30:11]} {[%emt 00:01:06]} 9. O-O
{[%clk 01:30:59]} {[%emt 00:01:18]} Bg7 {[%clk 01:29:16]} {[%emt 00:01:25]} 10.
Re1 {[%clk 01:30:54]} {[%emt 00:00:35]} e6 {[%clk 01:23:31]} {[%emt 00:06:16]}
11. Na3 {[%clk 01:26:06]} {[%emt 00:05:17]} a6 {[%clk 01:20:44]} {[%emt
00:03:16]} 12. Nc2 {[%clk 01:24:46]} {[%emt 00:01:50]} O-O {[%clk 01:17:55]}
{[%emt 00:03:19]} 13. Bxf5 {[%clk 01:20:48]} {[%emt 00:04:28]} exf5 {[%clk
01:16:57]} {[%emt 00:01:28]} 14. Qc1 {[%clk 01:19:18]} {[%emt 00:02:01]} Rfe8
{[%clk 01:16:16]} {[%emt 00:01:12]} 15. Bf4 {[%clk 01:17:34]} {[%emt 00:02:14]}
Qb6 {[%clk 01:14:57]} {[%emt 00:01:49]} 16. Ne3 {[%clk 01:10:49]} {[%emt
00:07:14]} Rad8 {[%clk 01:11:42]} {[%emt 00:03:45]} 17. Qc2 {[%clk 01:05:15]}
{[%emt 00:06:04]} Ne4 {[%clk 01:06:04]} {[%emt 00:06:08]} 18. Qb3 {[%clk
01:01:39]} {[%emt 00:04:06]} Qxb3 {[%clk 01:04:09]} {[%emt 00:02:27]} 19. axb3
{[%clk 01:02:03]} {[%emt 00:00:04]} h6 {[%clk 01:01:49]} {[%emt 00:02:51]} 20.
Bh2 {[%clk 00:56:50]} {[%emt 00:05:43]} h5 {[%clk 00:53:16]} {[%emt 00:09:04]}
21. b4 {[%clk 00:43:18]} {[%emt 00:14:00]} Bh6 {[%clk 00:44:23]} {[%emt
00:09:24]} 22. Bc7 {[%clk 00:40:05]} {[%emt 00:03:43]} Rd7 {[%clk 00:43:38]}
{[%emt 00:01:16]} 23. Bb6 {[%clk 00:40:15]} {[%emt 00:00:19]} f4 {[%clk
00:39:11]} {[%emt 00:04:57]} 24. Nc2 {[%clk 00:39:20]} {[%emt 00:01:26]} Re6
{[%clk 00:37:45]} {[%emt 00:01:56]} 25. Bc5 {[%clk 00:36:42]} {[%emt 00:03:07]}
Bg7 {[%clk 00:30:36]} {[%emt 00:07:40]} 26. b5 {[%clk 00:17:02]} {[%emt
00:20:10]} axb5 {[%clk 00:28:14]} {[%emt 00:02:51]} 27. Bb4 {[%clk 00:17:09]}
{[%emt 00:00:24]} Bf6 {[%clk 00:24:16]} {[%emt 00:04:28]} 28. Ra8+ {[%clk
00:16:13]} {[%emt 00:01:26]} Kh7 {[%clk 00:23:42]} {[%emt 00:01:05]} 29. Rea1
{[%clk 00:15:39]} {[%emt 00:01:02]} Be7 {[%clk 00:23:01]} {[%emt 00:01:11]} 30.
Bxe7 {[%clk 00:14:54]} {[%emt 00:01:17]} Rdxe7 {[%clk 00:23:00]} {[%emt
00:00:30]} 31. Rf8 {[%clk 00:13:37]} {[%emt 00:01:46]} Kg7 {[%clk 00:19:51]}
{[%emt 00:03:40]} 32. Raa8 {[%clk 00:12:51]} {[%emt 00:01:15]} Nf6 {[%clk
00:17:18]} {[%emt 00:03:04]} 33. Nce1 {[%clk 00:08:53]} {[%emt 00:04:28]} Nd7
{[%clk 00:16:05]} {[%emt 00:01:43]} 34. Rh8 {[%clk 00:08:15]} {[%emt 00:01:07]}
Kf6 {[%clk 00:13:18]} {[%emt 00:03:18]} 35. Nd3 {[%clk 00:07:46]} {[%emt
00:00:58]} Kf5 {[%clk 00:12:39]} {[%emt 00:01:09]} 36. Nde5 {[%clk 00:04:09]}
{[%emt 00:04:06]} Kf6 {[%clk 00:07:27]} {[%emt 00:05:43]} 37. Nd3 {[%clk
00:03:31]} {[%emt 00:01:08]} Re4 {[%clk 00:07:27]} {[%emt 00:00:30]} 38. h4
{[%clk 00:00:39]} {[%emt 00:03:23]} Kf5 {[%clk 00:06:47]} {[%emt 00:01:10]} 39.
Rag8 {[%clk 00:00:36]} {[%emt 00:00:32]} Re2 {[%clk 00:04:43]} {[%emt
00:02:34]} 40. Rg7 {[%clk 00:00:37]} {[%emt 00:00:29]} Ke4 {[%clk 00:01:30]}
{[%emt 00:03:43]} 41. Nde1 {[%clk 00:25:35]} {[%emt 00:05:33]} Kf5 {[%clk
00:23:44]} {[%emt 00:08:15]} 42. Rhh7 {[%clk 00:17:42]} {[%emt 00:08:23]} Kf6
{[%clk 00:19:56]} {[%emt 00:04:18]} 43. Rg8 {[%clk 00:13:10]} {[%emt 00:05:02]}
b4 {[%clk 00:15:07]} {[%emt 00:05:19]} 44. Nd3 {[%clk 00:12:39]} {[%emt
00:01:01]} bxc3 {[%clk 00:14:37]} {[%emt 00:01:00]} 45. bxc3 {[%clk 00:12:53]}
{[%emt 00:00:16]} Kf5 {[%clk 00:14:10]} {[%emt 00:00:57]} 46. Rgg7 {[%clk
00:09:18]} {[%emt 00:04:05]} *

[Event "DVM U20 2023"]
[Site "Magdeburg GER"]
[Date "2023.12.30"]
[Round "7"]
[White "Weidemann, Jakob"]
[Black "Leonard, Timo"]
[Result "1/2-1/2"]
[Termination "normal"]
[Board "5.1"]
[WhiteElo "2114"]
[BlackElo "2170"]
[WhiteClock "00:39:56"]
[BlackClock "00:10:26"]
[WhiteTeam "SK Münster 32"]
[BlackTeam "SV Hemer 1932"]
[PlyCount "41"]
[WhiteFideId "16255470"]
[BlackFideId "16208757"]
[EventCountry "GER"]
[EventRounds "7"]
[EventType "team-swiss"]
[EventDate "2023.12.26"]

1. e4 {[%clk 01:30:58]} {[%emt 00:00:02]} e6 {[%clk 01:30:51]} {[%emt
00:00:09]} 2. d4 {[%clk 01:31:24]} {[%emt 00:00:05]} d5 {[%clk 01:31:19]}
{[%emt 00:00:01]} 3. Nd2 {[%clk 01:31:47]} {[%emt 00:00:07]} Be7 {[%clk
01:30:52]} {[%emt 00:00:57]} 4. Ngf3 {[%clk 01:31:04]} {[%emt 00:01:12]} Nf6
{[%clk 01:31:05]} {[%emt 00:00:18]} 5. e5 {[%clk 01:30:18]} {[%emt 00:01:16]}
Nfd7 {[%clk 01:31:27]} {[%emt 00:00:08]} 6. Bd3 {[%clk 01:29:12]} {[%emt
00:01:35]} c5 {[%clk 01:31:47]} {[%emt 00:00:11]} 7. c3 {[%clk 01:29:34]}
{[%emt 00:00:07]} b6 {[%clk 01:31:44]} {[%emt 00:00:34]} 8. O-O {[%clk
01:26:35]} {[%emt 00:03:28]} Ba6 {[%clk 01:30:25]} {[%emt 00:01:49]} 9. Bxa6
{[%clk 01:23:23]} {[%emt 00:03:42]} Nxa6 {[%clk 01:30:49]} {[%emt 00:00:06]}
10. Qe2 {[%clk 01:19:09]} {[%emt 00:04:44]} Qc8 {[%clk 01:27:40]} {[%emt
00:03:40]} 11. c4 {[%clk 01:14:53]} {[%emt 00:04:47]} Nc7 {[%clk 01:15:32]}
{[%emt 00:12:38]} 12. b3 {[%clk 01:10:11]} {[%emt 00:05:11]} O-O {[%clk
01:13:38]} {[%emt 00:02:24]} 13. Bb2 {[%clk 01:06:30]} {[%emt 00:04:11]} Qa6
{[%clk 01:10:36]} {[%emt 00:03:32]} 14. Rfc1 {[%clk 01:01:02]} {[%emt
00:05:57]} Rac8 {[%clk 00:56:38]} {[%emt 00:14:29]} 15. a3 {[%clk 00:59:35]}
{[%emt 00:01:57]} Rfd8 {[%clk 00:51:19]} {[%emt 00:05:49]} 16. b4 {[%clk
00:52:06]} {[%emt 00:07:59]} dxc4 {[%clk 00:45:35]} {[%emt 00:06:14]} 17. dxc5
{[%clk 00:52:05]} {[%emt 00:00:31]} bxc5 {[%clk 00:43:06]} {[%emt 00:02:59]}
18. Qxc4 {[%clk 00:52:07]} {[%emt 00:00:28]} Qxc4 {[%clk 00:22:49]} {[%emt
00:20:46]} 19. Nxc4 {[%clk 00:52:28]} {[%emt 00:00:09]} cxb4 {[%clk 00:15:40]}
{[%emt 00:07:40]} 20. axb4 {[%clk 00:52:13]} {[%emt 00:00:44]} Nb5 {[%clk
00:10:26]} {[%emt 00:05:44]} 21. Nd4 {[%clk 00:39:56]} {[%emt 00:12:48]}
1/2-1/2

[Event "DVM U20 2023"]
[Site "Magdeburg GER"]
[Date "2023.12.30"]
[Round "7"]
[White "Trinh, Fabian Dat"]
[Black "Schröder, Lennart"]
[Result "0-1"]
[Termination "normal"]
[Board "5.2"]
[WhiteElo "1875"]
[BlackElo "2107"]
[WhiteClock "00:02:50"]
[BlackClock "00:05:03"]
[WhiteTeam "SV Hemer 1932"]
[BlackTeam "SK Münster 32"]
[PlyCount "61"]
[WhiteFideId "16243641"]
[BlackFideId "16222490"]
[EventCountry "GER"]
[EventRounds "7"]
[EventType "team-swiss"]
[EventDate "2023.12.26"]

1. d4 {[%clk 01:30:58]} {[%emt 00:00:02]} Nf6 {[%clk 01:30:52]} {[%emt
00:00:08]} 2. Bf4 {[%clk 01:31:06]} {[%emt 00:00:21]} g6 {[%clk 01:31:11]}
{[%emt 00:00:11]} 3. Nc3 {[%clk 01:31:25]} {[%emt 00:00:12]} d5 {[%clk
01:31:36]} {[%emt 00:00:04]} 4. e3 {[%clk 01:31:45]} {[%emt 00:00:10]} Bg7
{[%clk 01:31:48]} {[%emt 00:00:20]} 5. Nb5 {[%clk 01:31:29]} {[%emt 00:00:44]}
Na6 {[%clk 01:32:11]} {[%emt 00:00:06]} 6. h3 {[%clk 01:31:17]} {[%emt
00:00:45]} O-O {[%clk 01:32:04]} {[%emt 00:00:37]} 7. Nf3 {[%clk 01:30:55]}
{[%emt 00:00:52]} Bf5 {[%clk 01:25:59]} {[%emt 00:06:33]} 8. Bd3 {[%clk
01:28:36]} {[%emt 00:02:49]} Ne4 {[%clk 01:17:04]} {[%emt 00:09:26]} 9. O-O
{[%clk 01:24:19]} {[%emt 00:04:46]} c6 {[%clk 01:14:20]} {[%emt 00:03:13]} 10.
Nc3 {[%clk 01:24:24]} {[%emt 00:00:25]} Nb4 {[%clk 01:07:13]} {[%emt 00:07:38]}
11. Bxe4 {[%clk 01:18:25]} {[%emt 00:06:28]} Bxe4 {[%clk 01:02:33]} {[%emt
00:05:12]} 12. Nxe4 {[%clk 01:12:06]} {[%emt 00:06:48]} dxe4 {[%clk 01:02:58]}
{[%emt 00:00:05]} 13. Nd2 {[%clk 01:12:08]} {[%emt 00:00:28]} f5 {[%clk
00:55:00]} {[%emt 00:08:29]} 14. Bh2 {[%clk 00:56:54]} {[%emt 00:15:44]} c5
{[%clk 00:49:20]} {[%emt 00:06:10]} 15. a3 {[%clk 00:57:03]} {[%emt 00:00:21]}
Nc6 {[%clk 00:45:22]} {[%emt 00:04:28]} 16. c3 {[%clk 00:52:59]} {[%emt
00:04:33]} Kh8 {[%clk 00:42:29]} {[%emt 00:03:23]} 17. Rc1 {[%clk 00:30:15]}
{[%emt 00:23:14]} Rc8 {[%clk 00:29:50]} {[%emt 00:13:09]} 18. Qe2 {[%clk
00:27:00]} {[%emt 00:03:46]} cxd4 {[%clk 00:22:15]} {[%emt 00:08:05]} 19. cxd4
{[%clk 00:27:13]} {[%emt 00:00:16]} e5 {[%clk 00:22:08]} {[%emt 00:00:37]} 20.
dxe5 {[%clk 00:26:31]} {[%emt 00:01:13]} Nxe5 {[%clk 00:22:35]} {[%emt
00:00:02]} 21. Bxe5 {[%clk 00:25:33]} {[%emt 00:01:28]} Bxe5 {[%clk 00:22:35]}
{[%emt 00:00:30]} 22. Nc4 {[%clk 00:22:31]} {[%emt 00:03:32]} Bb8 {[%clk
00:22:31]} {[%emt 00:00:33]} 23. b4 {[%clk 00:17:41]} {[%emt 00:05:21]} Qf6
{[%clk 00:19:58]} {[%emt 00:03:03]} 24. Rfd1 {[%clk 00:08:14]} {[%emt
00:09:58]} Rfd8 {[%clk 00:15:57]} {[%emt 00:04:29]} 25. g3 {[%clk 00:08:02]}
{[%emt 00:00:44]} b6 {[%clk 00:13:41]} {[%emt 00:02:46]} 26. Kf1 {[%clk
00:04:34]} {[%emt 00:03:59]} Kg8 {[%clk 00:10:58]} {[%emt 00:03:11]} 27. Qb2
{[%clk 00:03:02]} {[%emt 00:02:02]} Qe6 {[%clk 00:07:52]} {[%emt 00:03:37]} 28.
Rxd8+ {[%clk 00:03:04]} {[%emt 00:00:28]} Rxd8 {[%clk 00:08:20]} {[%emt
00:00:01]} 29. Nd2 {[%clk 00:02:30]} {[%emt 00:01:04]} Be5 {[%clk 00:05:21]}
{[%emt 00:03:29]} 30. Qc2 {[%clk 00:02:50]} {[%emt 00:00:11]} Qd5 {[%clk
00:05:03]} {[%emt 00:00:48]} 31. Nb1 {[%emt 00:03:01]} 0-1

[Event "DVM U20 2023"]
[Site "Magdeburg GER"]
[Date "2023.12.30"]
[Round "7"]
[White "Kamp, Adrian"]
[Black "Dartmann Aubanell, Catriona"]
[Result "1-0"]
[Termination "normal"]
[Board "5.3"]
[WhiteElo "2042"]
[BlackElo "1856"]
[WhiteTeam "SK Münster 32"]
[BlackTeam "SV Hemer 1932"]
[PlyCount "77"]
[WhiteFideId "16222466"]
[BlackFideId "24585270"]
[EventCountry "GER"]
[EventRounds "7"]
[EventType "team-swiss"]
[EventDate "2023.12.26"]

1. e4 {[%emt 00:51:17]} e6 {[%emt 00:00:41]} 2. d4 {[%emt 00:00:25]} d5 {[%emt
00:00:39]} 3. Nd2 {[%emt 00:00:18]} c5 {[%emt 00:00:19]} 4. exd5 {[%emt
00:00:23]} Qxd5 {[%emt 00:00:33]} 5. Ngf3 {[%emt 00:00:26]} cxd4 {[%emt
00:00:25]} 6. Bc4 {[%emt 00:00:26]} Qd6 {[%emt 00:00:16]} 7. O-O {[%emt
00:00:22]} Nf6 {[%emt 00:03:09]} 8. Nb3 {[%emt 00:00:32]} Nc6 {[%emt 00:00:18]}
9. Nbxd4 {[%emt 00:00:31]} Nxd4 {[%emt 00:00:16]} 10. Nxd4 {[%emt 00:00:14]}
Bd7 {[%emt 00:02:59]} 11. b3 {[%emt 00:02:29]} Be7 {[%emt 00:01:19]} 12. Bb2
{[%emt 00:01:55]} Qf4 {[%emt 00:02:01]} 13. g3 {[%emt 00:03:47]} Qc7 {[%emt
00:00:58]} 14. Re1 {[%emt 00:06:42]} O-O {[%emt 00:02:03]} 15. Nf5 {[%emt
00:07:29]} Bc6 {[%emt 00:14:54]} 16. Be5 {[%emt 00:02:40]} Qd8 {[%emt
00:01:58]} 17. Nxe7+ {[%emt 00:00:40]} Qxe7 {[%emt 00:00:04]} 18. Bd6 {[%emt
00:00:20]} Qd8 {[%emt 00:02:46]} 19. Bxf8 {[%emt 00:00:46]} Qxf8 {[%emt
00:00:03]} 20. Bf1 {[%emt 00:04:20]} Qc5 {[%emt 00:01:20]} 21. Bg2 {[%emt
00:00:52]} Bxg2 {[%emt 00:00:54]} 22. Kxg2 {[%emt 00:00:09]} h5 {[%emt
00:00:45]} 23. h4 {[%emt 00:02:50]} Ng4 {[%emt 00:01:50]} 24. Qe2 {[%emt
00:02:30]} g5 {[%emt 00:02:55]} 25. hxg5 {[%emt 00:02:18]} Qxg5 {[%emt
00:00:51]} 26. Qe4 {[%emt 00:08:57]} Qc5 {[%emt 00:11:09]} 27. Re2 {[%emt
00:04:42]} Rd8 {[%emt 00:01:54]} 28. Rae1 {[%emt 00:04:26]} Rd5 {[%emt
00:06:01]} 29. f3 {[%emt 00:09:01]} Nf6 {[%emt 00:07:50]} 30. Qe3 {[%emt
00:01:22]} Qd6 {[%emt 00:01:29]} 31. Qh6 {[%emt 00:03:43]} Nh7 {[%emt
00:01:32]} 32. Qf4 {[%emt 00:02:01]} Qd8 {[%emt 00:01:14]} 33. Re5 {[%emt
00:01:53]} Rd4 {[%emt 00:02:32]} 34. Qh6 {[%emt 00:01:53]} h4 {[%emt 00:02:35]}
35. Rh5 {[%emt 00:00:44]} Rd2+ {[%emt 00:02:42]} 36. Kh3 {[%emt 00:00:45]} Qd6
{[%emt 00:01:34]} 37. Qxh7+ {[%emt 00:00:27]} Kf8 {[%emt 00:00:03]} 38. Qh8+
{[%emt 00:00:27]} Ke7 {[%emt 00:00:02]} 39. Qe5 {[%emt 00:00:12]} 1-0